[Event "MPL-1 Indian Chess Tour 2022"]
[Site "Online"]
[Date "2022.03.27"]
[Round "11.8"]
[White "Puranik, Abhimanyu"]
[Black "Sankalp Gupta"]
[Result "0-1"]
[WhiteElo "2618"]
[BlackElo "2536"]
[Annotator "ChessBase"]
[PlyCount "54"]
[EventDate "2022.03.30"]
[EventType "tourn"]
[EventCountry "NET"]
[SourceTitle "playchess.com"]
[Source "ChessBase"]
[SourceQuality "1"]
[TimeControl "5400+30"]

1. e4 {[%emt 1:15:40]} c6 {[%emt 1:15:40]} 2. Nf3 {[%emt 0:00:23]} d5 {[%emt 0:00:25]} 3. Nc3 {[%emt 0:00:21]} Bg4 {[%emt 0:00:23]} 4. h3 {[%emt 0:00:21]} Bxf3 {[%emt 0:00:22]} 5. Qxf3 {[%emt 0:00:21]} e6 {[%emt 0:00:20]} 6. Be2 {[%emt 0:00:30]} Bc5 {[%emt 0:00:24]} 7. O-O {[%emt 0:00:21]} Ne7 {[%emt 0:00:38]} 8. Rd1 {[%emt 0:01:15]} d4 {[%emt 0:01:58]} 9. Nb1 {[%emt 0:00:22]} Nd7 {[%emt 0:00:35]} 10. d3 {[%emt 0:00:31]} O-O {[%emt 0:00:29]} 11. Qg3 {[%emt 0:00:46]} f5 {[%emt 0:01:01]} 12. Bg5 {[%emt 0:03:36]} Qe8 {[%emt 0:02:14]} 13. Nd2 {[%emt 0:00:47]} e5 {[%emt 0:01:05]} 14. Bxe7 {[%emt 0:04:42]} f4 {[%emt 0:00:26]} 15. Qh2 {[%emt 0:00:21]} Bxe7 {[%emt 0:00:36]} 16. h4 {[%emt 0:00:24]} h5 {[%emt 0:01:35]} 17. Qh3 {[%emt 0:00:24]} Rf6 {[%emt 0:00:23]} 18. Bxh5 {[%emt 0:01:13]} Qxh5 {[%emt 0:00:22]} 19. Qxd7 {[%emt 0:00:21]} Bd6 {[%emt 0:07:04]} 20. Nf3 {[%emt 0:00:56]} Raf8 {[%emt 0:00:23]} 21. Kf1 {[%emt 0:00:43]} Rg6 {[%emt 0:00:39]} 22. Qxb7 {[%emt 0:02:09]} Rxg2 {[%emt 0:01:42]} 23. Ke2 {[%emt 0:00:22]} Rg3 {[%emt 0:02:55]} 24. fxg3 {[%emt 0:00:22]} fxg3 {[%emt 0:00:20]} 25. Rf1 {[%emt 0:00:21]} g2 {[%emt 0:00:40]} 26. Qd7 {[%emt 0:02:12]} g1=Q {[%emt 0:00:33]} 27. Qh3 {[%emt 0:01:24]} Qe3+ {[%emt 0:00:22]} 0-1

[Event "MPL-1 Indian Chess Tour 2022"]
[Site "Online"]
[Date "2022.03.27"]
[Round "12.1"]
[White "Sethuraman, S.P."]
[Black "Sankalp Gupta"]
[Result "1/2-1/2"]
[WhiteElo "2619"]
[BlackElo "2536"]
[Annotator "ChessBase"]
[PlyCount "90"]
[EventDate "2022.03.30"]
[EventType "tourn"]
[EventCountry "NET"]
[SourceTitle "playchess.com"]
[Source "ChessBase"]
[SourceQuality "1"]
[TimeControl "5400+30"]

1. c4 {[%emt 1:15:40]} e5 {[%emt 1:15:40]} 2. Nc3 {[%emt 0:00:25]} Nf6 {[%emt 0:00:44]} 3. Nf3 {[%emt 0:00:23]} Nc6 {[%emt 0:00:20]} 4. e3 {[%emt 0:00:21]} Bb4 {[%emt 0:00:40]} 5. Qc2 {[%emt 0:00:21]} Bxc3 {[%emt 0:00:29]} 6. Qxc3 {[%emt 0:00:23]} d6 {[%emt 0:00:36]} 7. d4 {[%emt 0:00:34]} Qe7 {[%emt 0:00:37]} 8. d5 {[%emt 0:01:04]} Nb8 {[%emt 0:00:25]} 9. b4 {[%emt 0:00:55]} O-O {[%emt 0:00:29]} 10. Bb2 {[%emt 0:00:24]} b5 {[%emt 0:01:18]} 11. Nd2 {[%emt 0:00:44]} bxc4 {[%emt 0:00:33]} 12. Bxc4 {[%emt 0:00:23]} Bb7 {[%emt 0:00:32]} 13. e4 {[%emt 0:00:21]} c6 {[%emt 0:00:23]} 14. dxc6 {[%emt 0:00:48]} Nxc6 {[%emt 0:00:20]} 15. O-O {[%emt 0:00:25]} Rac8 {[%emt 0:00:21]} 16. Qb3 {[%emt 0:03:50]} Qc7 {[%emt 0:01:17]} 17. Rac1 {[%emt 0:02:05]} Qb6 {[%emt 0:00:25]} 18. a3 {[%emt 0:00:22]} Nd4 {[%emt 0:00:49]} 19. Qd3 {[%emt 0:00:22]} d5 {[%emt 0:01:03]} 20. exd5 {[%emt 0:01:06]} Nxd5 {[%emt 0:00:19]} 21. Bxd4 {[%emt 0:01:14]} exd4 {[%emt 0:01:38]} 22. Bxd5 {[%emt 0:01:16]} Bxd5 {[%emt 0:00:20]} 23. Nf3 {[%emt 0:00:59]} Qb7 {[%emt 0:01:44]} 24. Ng5 {[%emt 0:01:12]} g6 {[%emt 0:00:32]} 25. Qxd4 {[%emt 0:03:01]} Bxg2 {[%emt 0:00:27]} 26. Rxc8 {[%emt 0:00:24]} Rxc8 {[%emt 0:00:25]} 27. Re1 {[%emt 0:00:21]} h6 {[%emt 0:02:16]} 28. Ne4 {[%emt 0:00:25]} Bxe4 {[%emt 0:00:24]} 29. Qxe4 {[%emt 0:00:21]} Qc7 {[%emt 0:00:42]} 30. Qf3 {[%emt 0:00:46]} Kg7 {[%emt 0:00:42]} 31. Kg2 {[%emt 0:00:22]} Rd8 {[%emt 0:00:58]} 32. Qe4 {[%emt 0:01:19]} Kh7 {[%emt 0:01:05]} 33. Re3 {[%emt 0:00:27]} Qd7 {[%emt 0:01:18]} 34. h3 {[%emt 0:00:36]} h5 {[%emt 0:01:13]} 35. Qf3 {[%emt 0:02:55]} Kg7 {[%emt 0:00:29]} 36. Qe4 {[%emt 0:00:31]} Kh7 {[%emt 0:00:22]} 37. Qc4 {[%emt 0:01:00]} Kg8 {[%emt 0:01:01]} 38. b5 {[%emt 0:00:47]} Rc8 {[%emt 0:00:34]} 39. Qb4 {[%emt 0:00:45]} Qd5+ {[%emt 0:00:44]} 40. Rf3 {[%emt 0:00:33]} Rc4 {[%emt 0:02:24]} 41. Qb3 {[%emt 0:00:21]} h4 {[%emt 0:01:56]} 42. Kh2 {[%emt 0:00:38]} Qe5+ {[%emt 0:01:05]} 43. Kg2 {[%emt 0:00:21]} Qd5 {[%emt 0:00:20]} 44. Kh2 {[%emt 0:00:21]} Qe5+ {[%emt 0:01:16]} 45. Kg2 {[%emt 0:00:21]} Qd5 {[%emt 0:00:20]} 1/2-1/2

[Event "MPL-1 Indian Chess Tour 2022"]
[Site "Online"]
[Date "2022.03.27"]
[Round "12.2"]
[White "Erigaisi Arjun"]
[Black "Puranik, Abhimanyu"]
[Result "1-0"]
[WhiteElo "2633"]
[BlackElo "2618"]
[Annotator "ChessBase"]
[PlyCount "187"]
[EventDate "2022.03.30"]
[EventType "tourn"]
[EventCountry "NET"]
[SourceTitle "playchess.com"]
[Source "ChessBase"]
[SourceQuality "1"]
[TimeControl "5400+30"]

1. Nf3 {[%emt 1:15:40]} Nf6 {[%emt 1:15:40]} 2. c4 {[%emt 0:00:22]} c5 {[%emt 0:00:21]} 3. b3 {[%emt 0:00:22]} g6 {[%emt 0:00:28]} 4. Bb2 {[%emt 0:00:22]} Bg7 {[%emt 0:00:21]} 5. g3 {[%emt 0:00:21]} d6 {[%emt 0:00:28]} 6. Bg2 {[%emt 0:00:22]} e5 {[%emt 0:00:22]} 7. O-O {[%emt 0:00:22]} O-O {[%emt 0:00:21]} 8. Nc3 {[%emt 0:00:21]} Nc6 {[%emt 0:00:21]} 9. d3 {[%emt 0:00:30]} Nh5 {[%emt 0:00:21]} 10. a3 {[%emt 0:00:49]} f5 {[%emt 0:00:48]} 11. b4 {[%emt 0:00:57]} Kh8 {[%emt 0:00:36]} 12. Nd5 {[%emt 0:00:35]} Be6 {[%emt 0:00:48]} 13. bxc5 {[%emt 0:00:54]} dxc5 {[%emt 0:00:21]} 14. Qd2 {[%emt 0:00:21]} Bg8 {[%emt 0:01:22]} 15. Bc3 {[%emt 0:00:42]} Qd6 {[%emt 0:00:38]} 16. Qb2 {[%emt 0:00:29]} b6 {[%emt 0:00:42]} 17. a4 {[%emt 0:00:40]} Rab8 {[%emt 0:00:26]} 18. e3 {[%emt 0:00:33]} Rfe8 {[%emt 0:00:56]} 19. Rae1 {[%emt 0:02:23]} Rf8 {[%emt 0:03:20]} 20. Nd2 {[%emt 0:02:32]} Rbe8 {[%emt 0:02:35]} 21. f4 {[%emt 0:00:25]} exf4 {[%emt 0:00:42]} 22. Nxf4 {[%emt 0:02:25]} Bxc3 {[%emt 0:01:27]} 23. Qxc3+ {[%emt 0:00:20]} Qe5 {[%emt 0:01:07]} 24. Qb3 {[%emt 0:01:23]} Na5 {[%emt 0:01:32]} 25. Qb1 {[%emt 0:01:03]} Nxf4 {[%emt 0:00:21]} 26. gxf4 {[%emt 0:00:20]} Qc3 {[%emt 0:01:21]} 27. Re2 {[%emt 0:03:36]} Re7 {[%emt 0:00:44]} 28. Rc1 {[%emt 0:01:37]} Qf6 {[%emt 0:00:25]} 29. Nf3 {[%emt 0:00:29]} Nc6 {[%emt 0:00:23]} 30. a5 {[%emt 0:00:22]} bxa5 {[%emt 0:01:44]} 31. Kf2 {[%emt 0:01:14]} Rb8 {[%emt 0:00:38]} 32. Qa1 {[%emt 0:00:21]} Qxa1 {[%emt 0:00:22]} 33. Rxa1 {[%emt 0:00:20]} Rbe8 {[%emt 0:01:16]} 34. Bf1 {[%emt 0:01:28]} Kg7 {[%emt 0:01:00]} 35. Ne1 {[%emt 0:00:57]} h6 {[%emt 0:01:26]} 36. h4 {[%emt 0:00:23]} Kf6 {[%emt 0:00:22]} 37. Raa2 {[%emt 0:00:30]} g5 {[%emt 0:00:33]} 38. hxg5+ {[%emt 0:00:23]} hxg5 {[%emt 0:00:20]} 39. Bg2 {[%emt 0:00:39]} Nb4 {[%emt 0:00:49]} 40. fxg5+ {[%emt 0:00:22]} Kxg5 {[%emt 0:00:32]} 41. Rxa5 {[%emt 0:00:20]} Rc7 {[%emt 0:00:58]} 42. Ra3 {[%emt 0:00:54]} Bf7 {[%emt 0:00:30]} 43. Bf3 {[%emt 0:00:39]} Rd8 {[%emt 0:00:28]} 44. Rb2 {[%emt 0:00:25]} f4 {[%emt 0:00:46]} 45. Be4 {[%emt 0:00:36]} fxe3+ {[%emt 0:00:41]} 46. Kxe3 {[%emt 0:00:20]} Kf6 {[%emt 0:00:25]} 47. Ra5 {[%emt 0:00:58]} Ke7 {[%emt 0:00:29]} 48. Nc2 {[%emt 0:00:50]} Nxc2+ {[%emt 0:00:25]} 49. Rxc2 {[%emt 0:00:20]} Rdd7 {[%emt 0:01:10]} 50. Rca2 {[%emt 0:00:25]} Kd8 {[%emt 0:00:25]} 51. Rg2 {[%emt 0:00:30]} Ke7 {[%emt 0:00:46]} 52. Rg5 {[%emt 0:00:30]} Kd6 {[%emt 0:00:27]} 53. Ra6+ {[%emt 0:00:25]} Ke7 {[%emt 0:00:21]} 54. Kf4 {[%emt 0:00:58]} Rd4 {[%emt 0:00:37]} 55. Re5+ {[%emt 0:00:31]} Kd8 {[%emt 0:00:30]} 56. Ke3 {[%emt 0:00:58]} Bxc4 {[%emt 0:00:48]} 57. dxc4 {[%emt 0:00:20]} Rxc4 {[%emt 0:00:21]} 58. Bd5 {[%emt 0:00:40]} Rd4 {[%emt 0:00:29]} 59. Be6 {[%emt 0:00:46]} Rd1 {[%emt 0:00:36]} 60. Kf4 {[%emt 0:00:21]} c4 {[%emt 0:00:27]} 61. Rg5 {[%emt 0:00:33]} c3 {[%emt 0:00:39]} 62. Rg8+ {[%emt 0:00:41]} Ke7 {[%emt 0:00:21]} 63. Rg7+ {[%emt 0:00:20]} Kd8 {[%emt 0:00:22]} 64. Rg8+ {[%emt 0:00:27]} Ke7 {[%emt 0:00:21]} 65. Bb3 {[%emt 0:00:43]} Rf1+ {[%emt 0:01:00]} 66. Ke5 {[%emt 0:00:24]} Re1+ {[%emt 0:00:21]} 67. Kd5 {[%emt 0:00:30]} c2 {[%emt 0:00:42]} 68. Rg7+ {[%emt 0:00:34]} Kd8 {[%emt 0:00:21]} 69. Rxc7 {[%emt 0:00:20]} Kxc7 {[%emt 0:00:21]} 70. Bxc2 {[%emt 0:00:21]} Re7 {[%emt 0:00:30]} 71. Rxa7+ {[%emt 0:00:32]} Kd8 {[%emt 0:00:20]} 72. Ra8+ {[%emt 0:00:21]} Kc7 {[%emt 0:00:24]} 73. Bf5 {[%emt 0:00:21]} Kb7 {[%emt 0:00:34]} 74. Ra1 {[%emt 0:00:34]} Kc7 {[%emt 0:00:24]} 75. Be6 {[%emt 0:00:21]} Kb6 {[%emt 0:00:27]} 76. Kd6 {[%emt 0:00:23]} Rb7 {[%emt 0:00:21]} 77. Bd7 {[%emt 0:00:44]} Rb8 {[%emt 0:00:24]} 78. Ra2 {[%emt 0:00:35]} Rb7 {[%emt 0:00:22]} 79. Bc8 {[%emt 0:00:23]} Rb8 {[%emt 0:00:21]} 80. Rb2+ {[%emt 0:00:22]} Ka7 {[%emt 0:00:22]} 81. Rc2 {[%emt 0:00:20]} Kb6 {[%emt 0:00:22]} 82. Rc5 {[%emt 0:00:36]} Ka7 {[%emt 0:00:31]} 83. Bd7 {[%emt 0:01:07]} Kb6 {[%emt 0:00:28]} 84. Rc6+ {[%emt 0:00:25]} Ka7 {[%emt 0:01:08]} 85. Kc5 {[%emt 0:00:34]} Rb1 {[%emt 0:00:31]} 86. Be6 {[%emt 0:00:21]} Rb8 {[%emt 0:00:27]} 87. Bd5 {[%emt 0:00:28]} Rb1 {[%emt 0:00:38]} 88. Rc7+ {[%emt 0:00:23]} Kb8 {[%emt 0:00:23]} 89. Rg7 {[%emt 0:00:23]} Rc1+ {[%emt 0:00:25]} 90. Kd6 {[%emt 0:00:24]} Rc7 {[%emt 0:00:24]} 91. Rg2 {[%emt 0:01:05]} Rh7 {[%emt 0:00:23]} 92. Rg8+ {[%emt 0:00:33]} Ka7 {[%emt 0:00:22]} 93. Kc5 {[%emt 0:00:22]} Ka6 {[%emt 0:00:53]} 94. Rg2 {[%emt 0:00:23]} 1-0

[Event "MPL-1 Indian Chess Tour 2022"]
[Site "Online"]
[Date "2022.03.27"]
[Round "12.3"]
[White "Adhiban, B.."]
[Black "Lalith Babu M R"]
[Result "1/2-1/2"]
[WhiteElo "2648"]
[BlackElo "2563"]
[Annotator "TA"]
[PlyCount "73"]
[EventDate "2022.03.30"]
[EventType "tourn"]
[EventCountry "NET"]
[SourceTitle "playchess.com"]
[Source "ChessBase"]
[SourceQuality "1"]

{[%evp 9,73,17,32,25,31,31,29,17,39,29,36,31,42,22,39,44,38,20,8,15,23,9,38,36,44,35,55,49,44,47,47,54,99,17,87,18,26,18,20,0,0,0,0,0,0,0,0,0,0,0,0,0,0,0,0,0,0,0,0,0,0,0,0,0,0,0]} 1. Nf3 Nf6 2. b3 d5 3. Bb2 b6 4. c4 Bb7 {[#]} 5. cxd5 $146 ({Predecessor:} 5. d4 e6 6. Nc3 Be7 7. g3 O-O 8. Bg2 c6 9. O-O Nbd7 10. Rc1 Rc8 11. cxd5 cxd5 12. Qd3 Ne4 13. Rc2 a6 14. Rfc1 f5 15. e3 Bb4 16. Ne2 Rxc2 17. Rxc2 Bd6 18. Ne5 Bxe5 19. dxe5 {0-1 (63) Babicka,M (1858)-Broucek,T (2089) Czech Republic 2014}) 5... Nxd5 6. g3 {A06: Réti Opening: 1 Nf3 d5.} e6 7. Bg2 Nf6 8. O-O {White has an edge.} Bd6 9. Na3 O-O 10. Nc4 Nbd7 11. Rc1 Re8 12. d4 Bf8 13. Nfe5 Bxg2 14. Kxg2 c5 15. dxc5 Bxc5 16. Nxd7 Nxd7 17. Qd3 Qe7 18. Rfd1 Nf8 19. Qf3 f6 20. a3 a5 {[#] Against b4} 21. a4 (21. Bd4 $1 $16) 21... Rac8 (21... e5 $11 {keeps the balance.}) 22. h4 {0x0.002461d9d548dp-1022s more active pieces.} ({Better is} 22. Bd4 $16) 22... Red8 23. h5 {[%cal Oh5h6]} h6 {The position is equal.} 24. e3 Nh7 25. Rxd8+ Rxd8 {[%cal Bc8d8,Bd8d2,Bd2b2][%mdl 32]} 26. Qc6 {[%cal Ob2d4] Threatens to win with Bd4!} Ng5 27. Nxb6 Bxe3 28. fxe3 {Strongly threatening Nc4.} Rd2+ 29. Kf1 Rxb2 30. Nd7 Qb4 ({Resist} 30... Rxb3 31. Qc8+ Kf7 {[#]} 32. Ne5+ $1 fxe5 33. Rc7 $16) 31. Nxf6+ gxf6 32. Qe8+ Qf8 33. Qd7 {Black must now prevent Rc8.} Qg7 (33... Rxb3 $2 34. Rc8 $18) 34. Qc8+ Qf8 $1 35. Qd7 $1 {Hoping for Rc8.} Qg7 (35... Rxb3 $2 36. Rc8 $18) 36. Qc8+ Qf8 $1 37. Qd7 $1 {Weighted Error Value: White=0.12 (very precise) /Black=0.10 (very precise)} 1/2-1/2

[Event "MPL-1 Indian Chess Tour 2022"]
[Site "Online"]
[Date "2022.03.27"]
[Round "12.4"]
[White "Harika, Dronavalli"]
[Black "Iniyan, P."]
[Result "1/2-1/2"]
[WhiteElo "2517"]
[BlackElo "2516"]
[Annotator "ChessBase"]
[PlyCount "95"]
[EventDate "2022.03.30"]
[EventType "tourn"]
[EventCountry "NET"]
[SourceTitle "playchess.com"]
[Source "ChessBase"]
[SourceQuality "1"]
[TimeControl "5400+30"]

1. c4 {[%emt 1:15:40]} e5 {[%emt 1:15:40]} 2. Nc3 {[%emt 0:00:23]} Nc6 {[%emt 0:00:23]} 3. Nf3 {[%emt 0:00:22]} Nf6 {[%emt 0:00:21]} 4. e4 {[%emt 0:00:22]} Bb4 {[%emt 0:00:55]} 5. d3 {[%emt 0:00:29]} d6 {[%emt 0:00:25]} 6. a3 {[%emt 0:00:22]} Bxc3+ {[%emt 0:00:46]} 7. bxc3 {[%emt 0:00:21]} h6 {[%emt 0:00:57]} 8. g3 {[%emt 0:00:21]} Be6 {[%emt 0:00:32]} 9. Bg2 {[%emt 0:00:47]} O-O {[%emt 0:00:38]} 10. O-O {[%emt 0:00:36]} Qc8 {[%emt 0:00:28]} 11. Rb1 {[%emt 0:00:50]} Rb8 {[%emt 0:00:31]} 12. Nh4 {[%emt 0:01:08]} Bh3 {[%emt 0:01:03]} 13. Rb2 {[%emt 0:01:47]} Ne7 {[%emt 0:01:08]} 14. f4 {[%emt 0:00:51]} Bxg2 {[%emt 0:06:23]} 15. Rxg2 {[%emt 0:00:25]} Qg4 {[%emt 0:00:21]} 16. Qe1 {[%emt 0:03:01]} b5 {[%emt 0:00:57]} 17. fxe5 {[%emt 0:01:41]} dxe5 {[%emt 0:00:22]} 18. cxb5 {[%emt 0:00:22]} Rfd8 {[%emt 0:00:50]} 19. Nf3 {[%emt 0:02:48]} Ng6 {[%emt 0:00:21]} 20. d4 {[%emt 0:00:31]} Rxb5 {[%emt 0:01:11]} 21. Qe2 {[%emt 0:01:03]} c6 {[%emt 0:02:21]} 22. c4 {[%emt 0:03:29]} Ra5 {[%emt 0:00:51]} 23. Qe1 {[%emt 0:01:01]} Ra4 {[%emt 0:01:01]} 24. dxe5 {[%emt 0:01:47]} Nd7 {[%emt 0:00:23]} 25. Qf2 {[%emt 0:00:42]} Ndxe5 {[%emt 0:01:34]} 26. Nxe5 {[%emt 0:00:22]} Nxe5 {[%emt 0:00:20]} 27. Bb2 {[%emt 0:00:23]} f6 {[%emt 0:00:21]} 28. Bxe5 {[%emt 0:00:22]} fxe5 {[%emt 0:00:20]} 29. Qf7+ {[%emt 0:01:06]} Kh7 {[%emt 0:00:30]} 30. Rb2 {[%emt 0:00:53]} Rxa3 {[%emt 0:01:29]} 31. Qe7 {[%emt 0:00:37]} Rdd3 {[%emt 0:01:02]} 32. Qxe5 {[%emt 0:00:23]} Rf3 {[%emt 0:00:21]} 33. Rxf3 {[%emt 0:00:41]} Rxf3 {[%emt 0:00:20]} 34. Rf2 {[%emt 0:00:22]} a6 {[%emt 0:01:11]} 35. Kg2 {[%emt 0:00:33]} Rxf2+ {[%emt 0:00:37]} 36. Kxf2 {[%emt 0:00:21]} Qh3 {[%emt 0:00:21]} 37. Kg1 {[%emt 0:00:29]} Qd7 {[%emt 0:00:22]} 38. Qc5 {[%emt 0:00:53]} Qd1+ {[%emt 0:00:48]} 39. Kf2 {[%emt 0:00:22]} Qd2+ {[%emt 0:00:22]} 40. Kf3 {[%emt 0:00:23]} Qd3+ {[%emt 0:00:21]} 41. Kf4 {[%emt 0:00:31]} Qf1+ {[%emt 0:00:21]} 42. Kg4 {[%emt 0:00:29]} Qe2+ {[%emt 0:00:42]} 43. Kf4 {[%emt 0:00:21]} Qd2+ {[%emt 0:00:51]} 44. Kf3 {[%emt 0:00:38]} Qd1+ {[%emt 0:00:31]} 45. Kf2 {[%emt 0:00:30]} Qc2+ {[%emt 0:00:29]} 46. Ke3 {[%emt 0:00:38]} Qc1+ {[%emt 0:00:22]} 47. Kf2 {[%emt 0:00:25]} Qd2+ {[%emt 0:01:05]} 48. Kf3 {[%emt 0:00:21]} 1/2-1/2

[Event "MPL-1 Indian Chess Tour 2022"]
[Site "Online"]
[Date "2022.03.27"]
[Round "12.5"]
[White "Ganguly, Surya Shekhar"]
[Black "Gupta, Abhijeet"]
[Result "1-0"]
[WhiteElo "2627"]
[BlackElo "2628"]
[Annotator "TA"]
[PlyCount "63"]
[EventDate "2022.03.30"]
[EventType "tourn"]
[EventCountry "NET"]
[SourceTitle "playchess.com"]
[Source "ChessBase"]
[SourceQuality "1"]

{[%evp 12,63,31,24,44,22,23,28,45,47,44,44,44,36,39,37,32,32,36,47,41,34,39,43,59,58,95,95,82,94,109,97,134,117,309,293,585,552,349,354,315,274,272,263,371,359,327,197,463,466,8632,8558,5189,5189]} 1. e4 c5 2. Nf3 {[%cal Bg1f3,Bf3d4,Bd4b5][%mdl 32]} d6 3. d4 cxd4 4. Nxd4 Nf6 5. Nc3 Nc6 6. Bg5 e6 7. Qd3 Bd7 {The modern move. B62: Sicilian: Richter-Rauzer: 6...e6: Unusual White 7th moves.} 8. Ndb5 {Strongly threatening 0-0-0.} Nb4 9. Qd1 a6 {White has an edge.} 10. Bxf6 gxf6 {[#]} 11. a3 $1 Nxc2+ 12. Qxc2 {Nd4 is the strong threat.} axb5 13. Bxb5 Bxb5 14. Nxb5 {Hoping for Nc7+.} Qa5+ 15. Nc3 {[#]} Bg7 $146 ({Predecessor:} 15... Be7 16. O-O O-O 17. Rad1 Kh8 18. Qb3 Qc7 19. Rd4 Ra5 20. Rfd1 Rh5 21. g3 Rb8 {1-0 (78) Sunilduth Lyna,N (2624)-Soumya,S (2351) Tornelo INT 2021}) 16. O-O O-O 17. Rad1 Rfc8 18. Rxd6 f5 19. exf5 Bxc3 20. bxc3 (20. fxe6 $6 Be5 21. exf7+ Kh8 22. f8=Q+ Rxf8 $11) 20... Qxf5 21. Rd3 Rxa3 22. Rg3+ Kf8 $2 {[#] A mistake that costs the game.} (22... Kh8 $16 23. Qb2 Ra5) 23. Qd2 $1 $18 {Threatening mate with Qd6+.} Qc5 {Against Qd6+} (23... Ra6 24. Qh6+ Ke7 25. Qh4+ Kd7) 24. Qh6+ Ke7 25. Qh4+ (25. Qxh7 Rxc3 26. Rg7 (26. Qh4+ Kf8 $16) 26... Rf8 $16) (25. Rf3 Qc7 26. Qf6+ Kf8) 25... Kd7 26. Rd1+ ({Resist} 26. Qxh7 Rf8 27. Rd1+ Kc7 $18) 26... Kc7 27. Qf4+ ({But not} 27. Qxh7 Qf5 28. Qh4 Kb8 $18) 27... e5 (27... Kb6 $142 28. Rb1+ Ka7 29. Qxf7 Rc7 30. Qxe6 Ra6) 28. Qxf7+ Kb8 29. Rb1 {[%csl Gb1][%cal Rf7b7]} Qb6 (29... Qc7 30. Qd5 Ra5) 30. Qxh7 {White is clearly winning.} (30. Rxb6 $2 {is a self mate.} Ra1+) 30... Raxc3 (30... Rb3 $142 31. Rxb3 Qxb3) 31. Rxc3 (31. Rxb6 $2 Rc1#) 31... Rxc3 32. Qh8+ {Weighted Error Value: White=0.08 (flawless) /Black=0.53} (32. Rxb6 $2 Rc1#) 1-0

[Event "MPL-1 Indian Chess Tour 2022"]
[Site "Online"]
[Date "2022.03.31"]
[Round "12.6"]
[White "Mendonca, Leon Luke"]
[Black "Sadhwani, Raunak"]
[Result "0-1"]
[WhiteElo "2536"]
[BlackElo "2616"]
[Annotator "ChessBase"]
[PlyCount "92"]
[EventDate "2022.03.30"]
[EventType "tourn"]
[EventCountry "NET"]
[SourceTitle "playchess.com"]
[Source "ChessBase"]
[SourceQuality "1"]
[TimeControl "5400+30"]

1. d4 {[%emt 1:15:40]} f5 {[%emt 1:15:40]} 2. g3 {[%emt 0:00:25]} Nf6 {[%emt 0:00:22]} 3. Bg2 {[%emt 0:00:21]} g6 {[%emt 0:00:20]} 4. c3 {[%emt 0:00:21]} Bg7 {[%emt 0:00:32]} 5. Qb3 {[%emt 0:00:21]} Nc6 {[%emt 0:00:26]} 6. h4 {[%emt 0:00:27]} a5 {[%emt 0:00:45]} 7. a4 {[%emt 0:00:30]} e6 {[%emt 0:00:39]} 8. Nh3 {[%emt 0:00:33]} d5 {[%emt 0:01:04]} 9. Nd2 {[%emt 0:00:53]} e5 {[%emt 0:02:07]} 10. dxe5 {[%emt 0:01:42]} Nxe5 {[%emt 0:00:20]} 11. Nf4 {[%emt 0:00:52]} c6 {[%emt 0:00:42]} 12. h5 {[%emt 0:01:32]} Ne4 {[%emt 0:03:20]} 13. Nxe4 {[%emt 0:07:27]} fxe4 {[%emt 0:00:23]} 14. hxg6 {[%emt 0:00:21]} hxg6 {[%emt 0:01:42]} 15. Rxh8+ {[%emt 0:00:22]} Bxh8 {[%emt 0:00:20]} 16. Bxe4 {[%emt 0:01:27]} Qf6 {[%emt 0:01:10]} 17. Bg2 {[%emt 0:00:54]} Qf7 {[%emt 0:02:08]} 18. Be3 {[%emt 0:02:21]} Nc4 {[%emt 0:00:36]} 19. O-O-O {[%emt 0:01:50]} Bg4 {[%emt 0:02:52]} 20. Nxd5 {[%emt 0:01:10]} Nxe3 {[%emt 0:00:22]} 21. Nc7+ {[%emt 0:00:51]} Kf8 {[%emt 0:00:54]} 22. Qxf7+ {[%emt 0:00:22]} Kxf7 {[%emt 0:00:20]} 23. Nxa8 {[%emt 0:00:25]} Nxd1 {[%emt 0:00:32]} 24. Kxd1 {[%emt 0:00:21]} Bf6 {[%emt 0:01:20]} 25. Kd2 {[%emt 0:00:57]} Bd8 {[%emt 0:00:33]} 26. b4 {[%emt 0:00:30]} Be6 {[%emt 0:00:23]} 27. Kc2 {[%emt 0:00:26]} Ke7 {[%emt 0:01:54]} 28. b5 {[%emt 0:00:54]} cxb5 {[%emt 0:00:39]} 29. axb5 {[%emt 0:00:21]} b6 {[%emt 0:00:20]} 30. f4 {[%emt 0:00:26]} Bc4 {[%emt 0:00:26]} 31. e4 {[%emt 0:00:44]} Bxb5 {[%emt 0:00:21]} 32. e5 {[%emt 0:00:22]} Bc4 {[%emt 0:01:15]} 33. Be4 {[%emt 0:00:34]} Kf7 {[%emt 0:00:21]} 34. Bf3 {[%emt 0:00:38]} b5 {[%emt 0:00:32]} 35. g4 {[%emt 0:00:25]} Ke6 {[%emt 0:01:03]} 36. Be4 {[%emt 0:00:34]} g5 {[%emt 0:01:20]} 37. fxg5 {[%emt 0:00:23]} Kxe5 {[%emt 0:00:21]} 38. Bf3 {[%emt 0:00:36]} Kf4 {[%emt 0:00:29]} 39. Bc6 {[%emt 0:00:32]} Kxg5 {[%emt 0:00:25]} 40. Bd7 {[%emt 0:00:30]} Bd5 {[%emt 0:00:25]} 41. Bxb5 {[%emt 0:00:23]} Bxa8 {[%emt 0:00:22]} 42. Bd7 {[%emt 0:00:25]} Bf3 {[%emt 0:00:22]} 43. Kb3 {[%emt 0:00:25]} Bxg4 {[%emt 0:00:24]} 44. Bc6 {[%emt 0:00:23]} Bd1+ {[%emt 0:00:26]} 45. Kc4 {[%emt 0:00:28]} Be7 {[%emt 0:00:38]} 46. Kd5 {[%emt 0:00:55]} Bf3+ {[%emt 0:00:24]} 0-1